00489 2200193 4500001002100000005001500021035002000036008004100056245006000097100001300157250000600170260004700176300001200223084001400235082000800249650001400257990001200271990001200283INLIS00000000000025220240503073150 a0010-0424000228240503 0 ind 1 aStrategi Jitu Menjuarai OSN Ekonomi Jilid 3 /cTIM LOPI aTIM LOPI a1 aJakarta :bPT. Bina Prestasi Insani,c2017 a102 hlm a330 TIM s a330 4aNon Fiksi a0732392 a0732393